Illustrated guide to Countries of the world / (Record no. 6909)

MARC details
000 -LEADER
fixed length control field 01135cam a2200325 a 4500
001 - CONTROL NUMBER
control field 3554272
003 - CONTROL NUMBER IDENTIFIER
control field GBCCL
005 - DATE AND TIME OF LATEST TRANSACTION
control field 20241126110615.0
008 - FIXED-LENGTH DATA ELEMENTS--GENERAL INFORMATION
fixed length control field 970919s1996 at ab j be 001 0 eng
010 ## -
-- 97198016
020 ## - INTERNATIONAL STANDARD BOOK NUMBER
International Standard Book Number 0864501781
040 ## - CATALOGING SOURCE
Original cataloging agency DLC
Transcribing agency DLC
042 ## -
-- lcac
050 00 -
-- G133
-- .E482 1996
082 00 - DEWEY DECIMAL CLASSIFICATION NUMBER
Classification number 910.3
Edition information 21
Item number ILL
245 00 - TITLE STATEMENT
Title Illustrated guide to Countries of the world /
Statement of responsibility, etc. [writers, Philip Gardner ... et al. ; edited by Graham Bateman & Victoria Egan].
246 30 -
-- World geography
250 ## - EDITION STATEMENT
Edition statement Rev. ed.
260 ## - PUBLICATION, DISTRIBUTION, ETC.
Place of publication, distribution, etc. Surrey Hills, NSW :
Name of publisher, distributor, etc. RD Press,
Date of publication, distribution, etc. 1996.
300 ## - PHYSICAL DESCRIPTION
Extent 512 p. :
Other physical details col. ill., col. maps ;
Dimensions 31 cm.
504 ## - BIBLIOGRAPHY, ETC. NOTE
Bibliography, etc. note Includes bibliographical references (p. 502) and index.
650 #0 - SUBJECT ADDED ENTRY--TOPICAL TERM
Topical term or geographic name entry element Geography
General subdivision Encyclopedias, Juvenile.
9 (RLIN) 12327
650 #1 - SUBJECT ADDED ENTRY--TOPICAL TERM
Topical term or geographic name entry element Geography
General subdivision Encyclopedias.
9 (RLIN) 12303
700 1# - ADDED ENTRY--PERSONAL NAME
Personal name Gardner, Philip.
9 (RLIN) 12328
700 1# - ADDED ENTRY--PERSONAL NAME
Personal name Bateman, Graham.
9 (RLIN) 12329
700 1# - ADDED ENTRY--PERSONAL NAME
Personal name Egan, Victoria.
9 (RLIN) 12330
906 ## - LOCAL DATA ELEMENT F, LDF (RLIN)
a 7
b cbc
c orignew
d 2
e ncip
f 19
g y-gencatlg
942 ## - ADDED ENTRY ELEMENTS (KOHA)
Source of classification or shelving scheme Dewey Decimal Classification
Koha item type Reference Books
Holdings
Withdrawn status Lost status Source of classification or shelving scheme Damaged status Not for loan Home library Current Library Shelving location Date acquired Total checkouts Full call number Barcode Date last seen Copy number Price effective from Koha item type
    Dewey Decimal Classification     GRACE BIBLE COLLEGE GRACE BIBLE COLLEGE Encyclopedia 2018-07-03   910.3 ILL 010864 2025-05-01 c.1 2018-07-03 Reference Books
© Grace Bible College Library 2025